| 000 | 00522nam a2200193 u 4500 | ||
|---|---|---|---|
| 005 | 20240228063746.0 | ||
| 008 | 160608s2009 r 000 0 eng d | ||
| 035 | _aUPN01000211279 | ||
| 049 | _aI | ||
| 050 | 4 |
_aPZ74.3 _bM3.83 |
|
| 100 | 1 |
_aMatus _933307 |
|
| 245 | 1 | 0 |
_aVerde que te quiero verde / _cMatus ; il. Jesús Ochoa. |
| 260 |
_aMéxico : _bTecolote, _c2009. |
||
| 300 |
_a[34] p. : _bil. col. |
||
| 650 | 4 |
_aRimas infantiles _910247 |
|
| 650 | 4 |
_aAdivinanzas _9114 |
|
| 905 | _aInfantil | ||
| 999 |
_c183380 _d183380 |
||